| 000 | 01102cam a22003011 4500 | ||
|---|---|---|---|
| 082 | 0 | 0 |
_a530.02462 _bHAL _cL-6, P-40 |
| 100 | 1 |
_aResnick, Robert, _98684 |
|
| 245 | 1 | 0 |
_aPhysics for students of science and engineering _c[by] David Halliday [and] Robert Resnick. |
| 250 | _aCombined ed. | ||
| 260 |
_aNew York, _bWiley _c[1961] |
||
| 300 |
_axix, 1125, 50 p.; _billus. _c25 cm. |
||
| 500 | _aFirst published in 2 v. with authors' names in reverse order in v. 1. | ||
| 500 | _aPt. I: 1st ed.; pt. II: 2d ed. | ||
| 526 |
_a0 _b0 _c0 _d530_024620000000000_HAL |
||
| 526 |
_a0 _b0 _c0 _d530_024620000000000_HAL |
||
| 526 |
_a0 _b0 _c0 _d530_024620000000000_HAL |
||
| 526 |
_a0 _b0 _c0 _d530_024620000000000_HAL |
||
| 526 |
_a0 _b0 _c0 _d530_024620000000000_HAL |
||
| 526 |
_a0 _b0 _c0 _d530_024620000000000_HAL |
||
| 526 |
_a0 _b0 _c0 _d530_024620000000000_HAL |
||
| 526 |
_a0 _b0 _c0 _d530_024620000000000_HAL |
||
| 526 |
_a0 _b0 _c0 _d530_024620000000000_HAL |
||
| 526 |
_a0 _b0 _c0 _d530_024620000000000_HAL |
||
| 650 | 0 |
_aMCE _9379 |
|
| 650 | 0 | _aPhysics. | |
| 700 | 1 |
_aHalliday, David, _95033 |
|
| 942 |
_2ddc _cBK |
||
| 999 |
_c544202 _d544202 |
||